00392nam a2200109Ia 4500008004100000050002100041100002500062245003200087260010900119300001700228650003700245120720s1976 mx a 000 0 spa d aNC1810bG67 1976 aGorka, Viktoreautor13aEl cartel c / Viktor Gorka aMéxico b : Taller editorial de la Facultad de Artes Plásticas de la Universidad Veracruzanac, 1976 a29 páginas 0aCARTELESxEXPOSICIONESySIGLO XX